000 00836cam a22002414a 4500
001 13202963
005 20250223160453.0
008 030516s2004 nju b 001 0 eng
020 _a0130848131 (alk. paper)
050 0 0 _aRJ504
_b.E75 2004
082 0 0 _a618.92/891
_221
100 _aErk, Robert R.
245 0 0 _aCounseling treatment for children and adolescents with DSM-IV-TR disorders /
_cRobert R. Erk.
260 _aUpper Saddle River, N.J. :
_bPearson/Merrill Prentice Hall,
_cc2004.
300 _axxvi, 477 p. ;
_c25 cm.
650 0 _aMentally ill children
_xCounseling of.
650 1 2 _aMental Disorders
_xtherapy
_xAdolescent.
650 1 2 _aMental Disorders
_xtherapy
_xChild.
650 2 2 _aChild Development.
650 2 2 _aCounseling
_xmethods
_xAdolescent.
650 2 2 _aCounseling
_xmethods
_xChild.
942 _2lcc
_cBK
_n0
999 _c4208
_d4208